00706 2200241 4500001002100000005001700021008004100038020001800079035002400097082001200121090001900133100001300152245006500165250001100230260004200241300002500283500006100308650004800369700001100417850001500428985000600443999001500449YOGYA-0209000002883320090227024253.0 ind  a979-416-023-7 0010-020900000028833 a959.052 a959.052bLeb T aLEBRA, C aTentara gemblengan JepangcC. Lebra; penerjemah Pamuji Joyce aCet. 1 aJakartabPustaka Hikmah Harapanc1988 a248 hlmbilusc21 cm aJudul asli: Japanese-Trained armies in South east Asia.. aAsia Tenggara - Sejarah - Pendudukan Jepang aPamuji aYOPDYOG(B) a1 a97P0101739